[Event "AUT-chT2 (Women) 2122"]
[Site "Austria"]
[Date "2022.03.13"]
[Round "5.1"]
[White "Molnar, Monika"]
[Black "Riegler, Katharina"]
[Result "1-0"]
[WhiteElo "1697"]
[BlackElo "1556"]
[PlyCount "77"]
[EventDate "2021.10.17"]
[EventType "team-tourn"]
[EventRounds "7"]
[EventCountry "AUT"]
[SourceTitle "EXT 2024"]
[Source "ChessBase"]
[SourceDate "2023.10.10"]
[SourceVersion "1"]
[SourceVersionDate "2023.10.10"]
[SourceQuality "1"]
[WhiteTeam "Baden (W) II"]
[BlackTeam "Muehlviertel (W)"]
[WhiteTeamCountry "AUT"]
[BlackTeamCountry "AUT"]

1. e4 d5 2. exd5 Qxd5 3. Nc3 Qd6 4. d4 Nf6 5. h3 Bf5 6. Nf3 c6 7. Bd3 Bxd3 8. Qxd3 e6 9. 0-0 Nbd7 10. Re1 Be7 11. Bg5 0-0 12. Bh4 Nb6 13. Bg3 Qd8 14. Ne4 Nbd5 15. c4 Nxe4 16. Qxe4 Nf6 17. Qe2 Bd6 18. Bh4 Be7 19. Rad1 Qc7 20. a3 Rad8 21. Ne5 c5 22. dxc5 Qxc5 23. Bxf6 Bxf6 24. Nd7 Qc7 25. Nxf8 Kxf8 26. Rxd8+ Qxd8 27. Rd1 Qc7 28. b3 Ke7 29. Qd2 Be5 30. Qg5+ Bf6 31. Qb5 Be5 32. c5 a6 33. Qc4 Qc6 34. Qd3 Qc7 35. a4 h6 36. b4 Ke8 37. b5 Bf6 38. bxa6 bxa6 39. Qxa6 1-0

[Event "AUT-chT (Women) 1920"]
[Site "Austria"]
[Date "2020.01.10"]
[Round "4.4"]
[White "Molnar, Monika"]
[Black "Konecny, Sophie"]
[Result "0-1"]
[WhiteElo "1728"]
[BlackElo "1897"]
[PlyCount "56"]
[EventDate "2019.10.11"]
[EventType "team-tourn"]
[EventRounds "9"]
[EventCountry "AUT"]
[SourceTitle "CBM 194 Extra"]
[Source "ChessBase"]
[SourceDate "2020.03.31"]
[SourceVersion "1"]
[SourceVersionDate "2020.03.31"]
[SourceQuality "1"]
[WhiteTeam "Baden (W)"]
[BlackTeam "Mayrhofen/Zillertal (W)"]
[WhiteTeamCountry "AUT"]
[BlackTeamCountry "AUT"]

1. e4 e6 2. d4 d5 3. Nd2 a6 4. Ngf3 Nf6 5. Bd3 c5 6. e5 Nfd7 7. c3 Nc6 8. 0-0 g5 9. h3 h5 10. Nb1 Be7 11. Kh1 cxd4 12. cxd4 Qb6 13. Nc3 g4 14. Na4 Qa7 15. Ng5 Qxd4 16. Nxe6 fxe6 17. Be3 Qxe5 18. Bg6+ Kd8 19. Nb6 Rb8 20. Re1 Qf6 21. Nxd7 Bxd7 22. Bb6+ Kc8 23. Qc2 Bd6 24. Rac1 gxh3 25. Re3 hxg2+ 26. Kxg2 Rg8 27. Rg3 Bxg3 28. fxg3 Qxg6 0-1

[Event "AUT-chT (Women) 1819"]
[Site "Austria"]
[Date "2019.03.30"]
[Round "6.3"]
[White "Tschida, Verena"]
[Black "Molnar, Monika"]
[Result "1-0"]
[WhiteElo "1618"]
[BlackElo "1777"]
[PlyCount "61"]
[EventDate "2018.11.17"]
[EventType "team-swiss"]
[EventRounds "7"]
[EventCountry "AUT"]
[SourceTitle "CBM 189 Extra"]
[Source "ChessBase"]
[SourceDate "2019.06.03"]
[SourceVersion "1"]
[SourceVersionDate "2019.06.03"]
[SourceQuality "1"]
[WhiteTeam "Wulkaprodersdorf (W)"]
[BlackTeam "Baden (W)"]
[WhiteTeamCountry "AUT"]
[BlackTeamCountry "AUT"]

1. d4 d5 2. c4 e6 3. Nc3 c6 4. e3 Nf6 5. Nf3 Bd6 6. Be2 Nbd7 7. cxd5 exd5 8. 0-0 0-0 9. b3 Re8 10. Bb2 Nf8 11. Na4 Ne4 12. Rc1 Qe7 13. Rc2 Bf5 14. Bd3 Bg4 15. Be2 Ng6 16. h3 Bf5 17. Bd3 Rac8 18. Nc5 b6 19. Na4 Qd7 20. Ne5 Nxe5 21. dxe5 Bxe5 22. Bxe5 Rxe5 23. g4 b5 24. Nc5 Nxc5 25. Bxf5 Ne6 26. Qd3 g6 27. f4 Rxe3 28. Qxe3 gxf5 29. gxf5 Nf8 30. Rg2+ Kh8 31. Qe5+ 1-0

[Event "AUT-chT (Women) 1819"]
[Site "Austria"]
[Date "2019.01.20"]
[Round "5.2"]
[White "Kimpel, Janine"]
[Black "Molnar, Monika"]
[Result "1-0"]
[WhiteElo "1855"]
[BlackElo "1777"]
[PlyCount "72"]
[EventDate "2018.11.17"]
[EventType "team-swiss"]
[EventRounds "7"]
[EventCountry "AUT"]
[SourceTitle "CBM 189 Extra"]
[Source "ChessBase"]
[SourceDate "2019.06.03"]
[SourceVersion "1"]
[SourceVersionDate "2019.06.03"]
[SourceQuality "1"]
[WhiteTeam "Schach ohne Grenzen (W)"]
[BlackTeam "Baden (W)"]
[WhiteTeamCountry "AUT"]
[BlackTeamCountry "AUT"]

1. e4 e5 2. Nf3 Nc6 3. Bc4 Bc5 4. c3 Nf6 5. d3 h6 6. Bb3 d6 7. h3 0-0 8. Nbd2 Re8 9. Nf1 d5 10. Qe2 a5 11. a4 b6 12. Ng3 Ba6 13. Bc2 Qd7 14. 0-0 Rad8 15. Rd1 Kh8 16. Qe1 d4 17. Nh4 Ne7 18. Nhf5 Nxf5 19. Nxf5 Ng8 20. Qe2 Re6 21. Bb3 Rf6 22. Qg4 Rg6 23. Qh5 Kh7 24. Nh4 Rc6 25. Bxf7 dxc3 26. Bg6+ Kh8 27. Bf5 Nf6 28. Bxd7 Nxh5 29. Bxc6 Rxd3 30. Rxd3 Bxd3 31. bxc3 Ng3 32. Be3 Bxe3 33. fxe3 Ne2+ 34. Kh2 Nxc3 35. Ra3 Bxe4 36. Rxc3 g5 1-0

[Event "AUT-chT (Women) 1718"]
[Site "Austria"]
[Date "2018.04.07"]
[Round "8.4"]
[White "Molnar, Monika"]
[Black "Wunderl, Eva"]
[Result "0-1"]
[WhiteElo "1817"]
[BlackElo "1888"]
[PlyCount "76"]
[EventDate "2017.11.24"]
[EventType "team-tourn"]
[EventRounds "9"]
[EventCountry "AUT"]
[SourceTitle "EXT 2019"]
[Source "ChessBase"]
[SourceDate "2018.10.10"]
[SourceVersion "1"]
[SourceVersionDate "2018.10.10"]
[SourceQuality "1"]
[WhiteTeam "Steyr (W)"]
[BlackTeam "Schach ohne Grenzen (W)"]
[WhiteTeamCountry "AUT"]
[BlackTeamCountry "AUT"]

1. e4 e5 2. Nf3 Nc6 3. Bc4 Bc5 4. d3 Nf6 5. 0-0 d6 6. h3 a6 7. Nc3 Na5 8. Bg5 Nxc4 9. dxc4 h6 10. Bh4 g5 11. Nxg5 hxg5 12. Bxg5 Rg8 13. h4 Be6 14. Nd5 Bxd5 15. cxd5 Rg6 16. Qf3 Qe7 17. b4 Ba7 18. Qf5 Qd7 19. c4 Nh7 20. Be3 Bxe3 21. fxe3 Qxf5 22. Rxf5 Ke7 23. Raf1 f6 24. Rh5 Rg7 25. c5 Rag8 26. Rf2 Rf7 27. Kh2 Rg4 28. cxd6+ Kxd6 29. Rf3 Rxe4 30. a3 Kxd5 31. Rg3 Kc4 32. Rg8 Rxe3 33. Rb8 b6 34. Rh8 Nf8 35. Rf5 Rxa3 36. g4 Ng6 37. Rh6 Nf4 38. g5 Rd7 0-1

[Event "Admont 4 Lands (Women)"]
[Site "Admont"]
[Date "2017.06.05"]
[Round "3.1"]
[White "Molnar, Monika"]
[Black "Bernhard, Julia"]
[Result "0-1"]
[WhiteElo "1823"]
[BlackElo "1828"]
[PlyCount "48"]
[EventDate "2017.06.03"]
[EventType "team-tourn"]
[EventRounds "3"]
[EventCountry "AUT"]
[SourceTitle "EXT 2020"]
[Source "ChessBase"]
[SourceDate "2019.10.17"]
[SourceVersion "1"]
[SourceVersionDate "2019.10.17"]
[SourceQuality "1"]
[WhiteTeam "Niederoesterreich (W)"]
[BlackTeam "Oberoesterreich (W)"]
[WhiteTeamCountry "AUT"]
[BlackTeamCountry "AUT"]

1. e4 e5 2. Nf3 Nc6 3. d4 exd4 4. Nxd4 Bc5 5. Be3 Qf6 6. c3 Nge7 7. Bb5 d6 8. 0-0 0-0 9. Bxc6 bxc6 10. Qh5 Bxd4 11. cxd4 Ng6 12. Nc3 Rb8 13. b3 Bb7 14. f4 c5 15. e5 Qh4 16. Qe2 cxd4 17. g3 Qh3 18. Bxd4 dxe5 19. Bxa7 Ra8 20. Bc5 Rfe8 21. f5 Nf4 22. Qf2 Nd3 23. Qc2 Nxc5 24. Rf2 e4 0-1

[Event "AUT-chT (Women) 1617"]
[Site "Austria"]
[Date "2017.01.14"]
[Round "1.2"]
[White "Wu, Min"]
[Black "Molnar, Monika"]
[Result "1-0"]
[WhiteElo "1948"]
[BlackElo "1850"]
[PlyCount "167"]
[EventDate "2017.01.14"]
[EventType "team-tourn"]
[EventRounds "11"]
[EventCountry "AUT"]
[SourceTitle "EXT 2018"]
[Source "ChessBase"]
[SourceDate "2017.10.13"]
[SourceVersion "1"]
[SourceVersionDate "2017.10.13"]
[SourceQuality "1"]
[WhiteTeam "Mayrhofen/Zillertal (W)"]
[BlackTeam "Steyr (W)"]
[WhiteTeamCountry "AUT"]
[BlackTeamCountry "AUT"]

1. e4 d5 2. exd5 Qxd5 3. Nc3 Qa5 4. d4 Nf6 5. Bd2 c6 6. Nf3 Bg4 7. h3 Bh5 8. g4 Bg6 9. Ne5 Qb6 10. Bc1 e6 11. h4 Bb4 12. h5 Be4 13. Rh4 Nd5 14. Qd2 h6 15. a3 Be7 16. Nxd5 cxd5 17. Rh3 Nc6 18. Nxc6 Qxc6 19. Rc3 Qb6 20. Rb3 Qc7 21. Bb5+ Kf8 22. Bd3 Bf3 23. Be2 Bg5 24. Qb4+ Be7 25. Qxb7 Qxb7 26. Rxb7 Be4 27. Rc7 Bd8 28. Rc6 Bb6 29. f3 Bh7 30. Be3 Ke7 31. Rd1 Rac8 32. Rxc8 Rxc8 33. c3 Bc2 34. Rc1 Ba4 35. Bd1 Bb5 36. b3 a5 37. a4 Ba6 38. Be2 Bxe2 39. Kxe2 Ba7 40. Kd3 f6 41. f4 Kd7 42. Rg1 Rb8 43. Rb1 Rb7 44. b4 Bb8 45. g5 hxg5 46. fxg5 fxg5 47. Bxg5 Bd6 48. Bd2 Be7 49. b5 Bf6 50. Rf1 Rb8 51. c4 dxc4+ 52. Kxc4 Rc8+ 53. Kd3 Rh8 54. h6 Kd6 55. hxg7 Bxg7 56. Rf7 Rh3+ 57. Kc4 Bxd4 58. Kxd4 Rh4+ 59. Kc3 Rxa4 60. b6 Kc6 61. Be3 Ra3+ 62. Kd2 Rb3 63. Re7 Kd6 64. Ra7 Rb5 65. b7 a4 66. Ra6+ Kc7 67. b8Q+ Kxb8 68. Rxa4 Kc7 69. Bf4+ Kd7 70. Ke3 Ke7 71. Ke4 Kf6 72. Bg3 Kg6 73. Be5 Kf7 74. Ra7+ Ke8 75. Bd6 Rd5 76. Re7+ Kd8 77. Rxe6 Rb5 78. Re7 Rh5 79. Ra7 Rb5 80. Kd4 Rh5 81. Be5 Kc8 82. Kd5 Rh3 83. Kc6 Rh6+ 84. Bd6 1-0

[Event "AUT-chT (Women) 1516"]
[Site "Austria"]
[Date "2016.02.26"]
[Round "4.4"]
[White "Molnar, Monika"]
[Black "Moerwald, Magdalena"]
[Result "1-0"]
[WhiteElo "1866"]
[BlackElo "1624"]
[PlyCount "43"]
[EventDate "2015.11.06"]
[EventType "team-swiss"]
[EventRounds "7"]
[EventCountry "AUT"]
[SourceTitle "EXT 2017"]
[Source "ChessBase"]
[SourceDate "2016.10.25"]
[SourceVersion "1"]
[SourceVersionDate "2016.10.25"]
[SourceQuality "1"]
[WhiteTeam "Steyr (W)"]
[BlackTeam "Schach ohne Grenzen (W)"]
[WhiteTeamCountry "AUT"]
[BlackTeamCountry "AUT"]

1. e4 c5 2. c3 d5 3. exd5 Qxd5 4. Nf3 Nf6 5. d4 cxd4 6. cxd4 Nc6 7. Nc3 Qd8 8. Bb5 Bd7 9. 0-0 g6 10. Bf4 Bg7 11. d5 Na5 12. b4 Bxb5 13. Nxb5 Nc4 14. Nc7+ Kf8 15. Nxa8 Nh5 16. Bc7 Qxa8 17. Rc1 b5 18. d6 exd6 19. Bxd6+ Nxd6 20. Qxd6+ Kg8 21. Qd7 Bf8 22. Ng5 1-0

[Event "AUT-chT (Women) 1516"]
[Site "Austria"]
[Date "2015.11.06"]
[Round "1.3"]
[White "Kaser, Gabriele"]
[Black "Molnar, Monika"]
[Result "0-1"]
[WhiteElo "1266"]
[BlackElo "1866"]
[PlyCount "50"]
[EventDate "2015.11.06"]
[EventType "team-swiss"]
[EventRounds "7"]
[EventCountry "AUT"]
[SourceTitle "EXT 2017"]
[Source "ChessBase"]
[SourceDate "2016.10.25"]
[SourceVersion "1"]
[SourceVersionDate "2016.10.25"]
[SourceQuality "1"]
[WhiteTeam "Graz Chess (W)"]
[BlackTeam "Steyr (W)"]
[WhiteTeamCountry "AUT"]
[BlackTeamCountry "AUT"]

1. Nf3 d5 2. c4 e6 3. cxd5 exd5 4. a3 Nf6 5. d4 Nc6 6. Nc3 Bg4 7. e3 a6 8. Be2 Bd6 9. 0-0 0-0 10. Qc2 Re8 11. Re1 Bxf3 12. Bxf3 Nxd4 13. Qd1 Nxf3+ 14. Qxf3 c6 15. Bd2 Qd7 16. h3 Rad8 17. b4 Ne4 18. Rad1 Qe7 19. Re2 Nxd2 20. Rexd2 Qe5 21. Rd3 Re6 22. Ne2 Qh2+ 23. Kf1 Qh1+ 24. Ng1 Rf6 25. Qg4 Bh2 0-1

[Event "AUT-chT (Women) 1415"]
[Site "Austria"]
[Date "2015.03.21"]
[Round "9.1"]
[White "Molnar, Monika"]
[Black "Schnegg, Anna Lena"]
[Result "0-1"]
[WhiteElo "1914"]
[BlackElo "2072"]
[PlyCount "74"]
[EventDate "2014.10.03"]
[EventType "team-swiss"]
[EventRounds "9"]
[EventCountry "AUT"]
[SourceTitle "EXT 2016"]
[Source "ChessBase"]
[SourceDate "2015.10.08"]
[SourceVersion "1"]
[SourceVersionDate "2015.10.08"]
[SourceQuality "1"]
[WhiteTeam "Steyr (W)"]
[BlackTeam "Mayrhofen/Zillertal (W)"]
[WhiteTeamCountry "AUT"]
[BlackTeamCountry "AUT"]

1. e4 e5 2. Nf3 Nc6 3. Bc4 Bc5 4. 0-0 Nf6 5. Nc3 d6 6. h3 h6 7. Qe2 a6 8. d3 Na5 9. Be3 Bxe3 10. Qxe3 b5 11. Bb3 Nxb3 12. axb3 Bd7 13. Nh2 0-0 14. Ne2 Qe7 15. f4 exf4 16. Nxf4 c5 17. Rae1 Bc6 18. Qg3 Rae8 19. Nf3 Kh7 20. Nh4 g5 21. Nf5 Qe5 22. h4 g4 23. Qe3 Ng8 24. Nh5 Bd7 25. Nhg3 Re6 26. h5 Ne7 27. Nxe7 Rxe7 28. Nf5 Bxf5 29. Rxf5 Qxf5 30. exf5 Rxe3 31. Rxe3 Kg7 32. Re7 Rd8 33. Ra7 Kf6 34. Kf2 Kxf5 35. Rxf7+ Kg5 36. Rg7+ Kxh5 37. Kg3 Re8 0-1

[Event "AUT-chT (Women) 1415"]
[Site "Austria"]
[Date "2014.10.05"]
[Round "3.1"]
[White "Molnar, Monika"]
[Black "Hackbarth, Christa"]
[Result "0-1"]
[WhiteElo "1914"]
[BlackElo "1880"]
[PlyCount "66"]
[EventDate "2014.10.03"]
[EventType "team-swiss"]
[EventRounds "9"]
[EventCountry "AUT"]
[SourceTitle "EXT 2016"]
[Source "ChessBase"]
[SourceDate "2015.10.08"]
[SourceVersion "1"]
[SourceVersionDate "2015.10.08"]
[SourceQuality "1"]
[WhiteTeam "Steyr (W)"]
[BlackTeam "Steyr (W) II"]
[WhiteTeamCountry "AUT"]
[BlackTeamCountry "AUT"]

1. e4 c6 2. d4 d5 3. e5 e6 4. Nf3 c5 5. Bb5+ Bd7 6. Bxd7+ Nxd7 7. c3 Ne7 8. 0-0 Nc6 9. Be3 Qb6 10. b3 Rc8 11. Nbd2 cxd4 12. cxd4 Ba3 13. Nb1 Bb2 14. Nbd2 Nxd4 15. Nxd4 Bxd4 16. Nc4 dxc4 17. Bxd4 Qa5 18. bxc4 Rxc4 19. Qd3 Qd5 20. Rfd1 b6 21. Qe3 Qb7 22. Qg3 0-0 23. Be3 Rfc8 24. Bh6 g6 25. Qg5 f6 26. exf6 Kf7 27. Rd6 Nxf6 28. Re1 Rg4 29. Qxg4 Nxg4 30. Bg5 Rc6 31. Rd4 Nf6 32. Red1 Rc5 33. h4 Rd5 0-1

[Event "AUT-chT (Women) 1314"]
[Site "Austria"]
[Date "2014.04.06"]
[Round "9"]
[White "Molnar, Monika"]
[Black "Ragger, Anna Christina"]
[Result "0-1"]
[WhiteElo "1946"]
[BlackElo "2208"]
[PlyCount "100"]
[EventDate "2013.12.06"]
[EventType "team-tourn"]
[EventRounds "9"]
[EventCountry "AUT"]
[SourceTitle "EXT 2015"]
[Source "ChessBase"]
[SourceDate "2014.11.20"]
[SourceVersion "1"]
[SourceVersionDate "2014.11.20"]
[SourceQuality "1"]
[WhiteTeam "Steyr (W)"]
[BlackTeam "Wulkaprodersdorf (W)"]
[WhiteTeamCountry "AUT"]
[BlackTeamCountry "AUT"]

1. e4 e5 2. Nf3 Nc6 3. Bb5 a6 4. Ba4 Nf6 5. 0-0 Be7 6. c3 Nxe4 7. Qe2 Nc5 8. Bc2 d6 9. d4 Nd7 10. Re1 0-0 11. dxe5 Ncxe5 12. Nxe5 Nxe5 13. f4 Nc6 14. f5 Bf6 15. Nd2 d5 16. Nf3 d4 17. Rd1 Qe8 18. Qxe8 Rxe8 19. Nxd4 Nxd4 20. cxd4 b5 21. Bf4 Bb7 22. Be5 Bxe5 23. dxe5 Rxe5 24. Rd7 Re2 25. Rad1 Bc6 26. Rd8+ Rxd8 27. Rxd8+ Re8 28. Rxe8+ Bxe8 29. Kf2 Kf8 30. Ke3 Ke7 31. Kf4 c5 32. g4 f6 33. h4 h6 34. Be4 Kd6 35. Bb7 a5 36. a3 c4 37. Ke3 Ke5 38. Ba6 Bc6 39. Bc8 b4 40. axb4 axb4 41. Ba6 Kd5 42. Bc8 Bb5 43. Be6+ Ke5 44. Bf7 c3 45. bxc3 bxc3 46. Bb3 h5 47. gxh5 Kxf5 48. Bd1 Ke5 49. Bc2 f5 50. Kf3 Bc6+ 0-1

[Event "AUT-chT (Women) 1314"]
[Site "Austria"]
[Date "2014.04.05"]
[Round "8"]
[White "Molnar, Monika"]
[Black "Schnegg, Anna Lena"]
[Result "1-0"]
[WhiteElo "1946"]
[BlackElo "2013"]
[PlyCount "65"]
[EventDate "2013.12.06"]
[EventType "team-tourn"]
[EventRounds "9"]
[EventCountry "AUT"]
[SourceTitle "EXT 2015"]
[Source "ChessBase"]
[SourceDate "2014.11.20"]
[SourceVersion "1"]
[SourceVersionDate "2014.11.20"]
[SourceQuality "1"]
[WhiteTeam "Steyr (W)"]
[BlackTeam "Landeck (W)"]
[WhiteTeamCountry "AUT"]
[BlackTeamCountry "AUT"]

1. e4 e5 2. Nf3 Nc6 3. Bc4 Bc5 4. Nc3 Nf6 5. 0-0 d6 6. h3 0-0 7. d3 Na5 8. Bg5 Nxc4 9. dxc4 c6 10. Qe2 Kh8 11. Rad1 Qc7 12. Na4 Nd7 13. Qd3 f6 14. Bc1 Nb6 15. Nxc5 dxc5 16. b3 Kg8 17. Ba3 Nd7 18. Nh4 g6 19. Qg3 b6 20. Bc1 Rf7 21. Nf5 Kh8 22. Nd6 Re7 23. Qh4 Ba6 24. Rd3 Re6 25. Rfd1 Nf8 26. Bh6 b5 27. Qg4 bxc4 28. bxc4 Qe7 29. h4 Bc8 30. Nxc8 Rxc8 31. Bxf8 Rxf8 32. Rd7 Qe8 33. Rd8 1-0

[Event "AUT-ch (Women)"]
[Site "Tweng"]
[Date "2007.08.??"]
[Round "3"]
[White "Molnar, Monika"]
[Black "Unger, Eva"]
[Result "1/2-1/2"]
[WhiteElo "1959"]
[BlackElo "1964"]
[PlyCount "90"]
[EventDate "2007.08.??"]
[EventType "swiss"]
[EventRounds "9"]
[EventCountry "AUT"]
[SourceTitle "CBM 119 Extra"]
[Source "ChessBase"]
[SourceDate "2007.09.04"]
[SourceVersion "1"]
[SourceVersionDate "2007.09.04"]
[SourceQuality "1"]

1. e4 c5 2. Nf3 Nf6 3. e5 Ng4 4. d4 cxd4 5. Qxd4 d6 6. Bb5+ Nc6 7. 0-0 Bd7 8. Bxc6 bxc6 9. exd6 Be6 10. Bf4 exd6 11. Re1 Qb6 12. h3 Nf6 13. b3 Be7 14. c4 Qxd4 15. Nxd4 Kd7 16. Nxe6 fxe6 17. Nd2 h6 18. Nf3 Nh5 19. Bd2 Rhf8 20. Rad1 c5 21. Bc1 Rfe8 22. g4 Nf6 23. Bb2 Bf8 24. Ne5+ Kc7 25. Ng6 e5 26. Nh4 Rad8 27. Re2 Rd7 28. f3 Red8 29. Red2 a6 30. Ng6 Be7 31. Bc3 Kc6 32. Kg2 Re8 33. h4 Bd8 34. h5 e4 35. Bxf6 exf3+ 36. Kxf3 Bxf6 37. Rd3 a5 38. Rd5 Bd4 39. Rd3 Rf7+ 40. Rf5 Rxf5+ 41. gxf5 Kd7 42. Kg4 Re4+ 43. Kf3 Re8 44. Kg4 Re4+ 45. Kf3 Re1 1/2-1/2

[Event "AUT-ch (Women)"]
[Site "Hartberg"]
[Date "2004.07.26"]
[Round "3"]
[White "Kopinits, Silvia"]
[Black "Molnar, Monika"]
[Result "1/2-1/2"]
[WhiteElo "1566"]
[BlackElo "1970"]
[PlyCount "101"]
[EventDate "2004.07.??"]
[EventType "swiss"]
[EventRounds "9"]
[EventCountry "AUT"]
[SourceTitle "CBM 101 Extra"]
[Source "ChessBase"]
[SourceDate "2004.09.01"]
[SourceVersion "2"]
[SourceVersionDate "2004.09.01"]
[SourceQuality "1"]

1. d4 d5 2. Nf3 Nf6 3. Bf4 e6 4. h3 c5 5. c3 Nc6 6. e3 cxd4 7. exd4 Bd6 8. Bxd6 Qxd6 9. Nbd2 0-0 10. Be2 e5 11. dxe5 Nxe5 12. Nxe5 Qxe5 13. Nf3 Qf4 14. Qd4 Qf5 15. 0-0-0 Re8 16. Bd3 Ne4 17. Rhe1 Qf4+ 18. Kb1 Bxh3 19. Bxe4 dxe4 20. Nd2 Rad8 21. Qxa7 Rxd2 22. gxh3 Rxf2 23. Qxb7 Rb8 24. Ka1 e3 25. Rxe3 h6 26. Qe4 Qh2 27. Red3 f5 28. Qd5+ Kh7 29. R3d2 Rxd2 30. Qxd2 Qxh3 31. Qf4 Qh5 32. Rf1 Qe2 33. Qxf5+ Kh8 34. Rb1 h5 35. Qf4 Re8 36. a4 Re4 37. Qf8+ Kh7 38. Qf5+ Kh6 39. b3 Qc2 40. Qc5 Re2 41. Qa3 Qxc3+ 42. Rb2 Re1+ 43. Ka2 Qc1 44. Qd6+ Kh7 45. Qd3+ g6 46. Qd7+ Kh6 47. Qd2+ g5 48. Qd6+ Kg7 49. Qd4+ Kg6 50. Qd3+ Kg7 51. Qd4+ 1/2-1/2